000 00594nam a2200193Ia 4500
001 20301
003 GE_BSU
008 181216s||||||||xx |||||||||||||| ||und||
040 _cGE_BSU
080 _a811.353.1(072)
245 _aქართული ენა : წერილების კრებული
260 _aთბილისი
260 _bუნ-ტის გამ-ბა
260 _c1984
300 _a198გვ. ; 20სმ.
541 _h5ლ.
653 _aქართული ენა - მეთოდური მითითებები
942 _cBK
999 _c53260
_d53260